[Event "Bayern-ch 72nd"]
[Site "Freising"]
[Date "2001.09.02"]
[Round "2"]
[White "Schelle, Artur"]
[Black "Gietl, Thomas"]
[Result "1-0"]
[WhiteElo "2256"]
[BlackElo "2332"]
[PlyCount "83"]
[EventDate "2001.09.01"]
[EventType "swiss"]
[EventRounds "9"]
[EventCountry "GER"]
[SourceTitle "EXT 2015"]
[Source "ChessBase"]
[SourceDate "2014.11.20"]
[SourceVersion "1"]
[SourceVersionDate "2014.11.20"]
[SourceQuality "1"]

1. e4 e5 2. Nf3 Qe7 3. Nc3 c6 4. d4 d6 5. Bg5 Nf6 6. h3 h6 7. Bh4 Nbd7 8. Be2 g5 9. Bg3 Nh5 10. d5 c5 11. h4 g4 12. Nd2 Nxg3 13. fxg3 h5 14. 0-0 a6 15. a4 Bh6 16. Nc4 b6 17. Ra3 Rb8 18. Rb3 Rg8 19. Qe1 Rg6 20. Nd1 b5 21. axb5 axb5 22. Nce3 c4 23. Nf5 cxb3 24. Nxe7 bxc2 25. Nxg6 c1Q 26. Nh8 f6 27. Kh2 Bg7 28. Qb4 Qc5 29. Qd2 Nf8 30. Nf7 Kxf7 31. Qg5 Ng6 32. Qxh5 Qc1 33. Bxg4 Qh6 34. Be6+ Bxe6 35. dxe6+ Ke7 36. Qf3 Nxh4 37. gxh4 Qxh4+ 38. Kg1 Rh8 39. Ne3 Qh2+ 40. Kf2 Qh4+ 41. Ke2 Kxe6 42. Nf5 1-0

[Event "Mittelfranken-ch HT 50th"]
[Site "Buechenbach"]
[Date "2001.??.??"]
[Round "1"]
[White "Gietl, Thomas"]
[Black "Suess, Helmut"]
[Result "1-0"]
[WhiteElo "2322"]
[BlackElo "2002"]
[PlyCount "29"]
[EventDate "2001.04.10"]
[EventType "swiss"]
[EventRounds "9"]
[EventCountry "GER"]
[SourceTitle "EXT 2011"]
[Source "ChessBase"]
[SourceDate "2010.11.26"]
[SourceVersion "1"]
[SourceVersionDate "2010.11.26"]
[SourceQuality "1"]

1. e4 c5 2. b4 cxb4 3. a3 e6 4. axb4 Bxb4 5. c3 Be7 6. d4 d6 7. f4 Nf6 8. Bd3 e5 9. Nf3 Bg4 10. Qa4+ Bd7 11. Qb3 exf4 12. Bxf4 0-0 13. Nbd2 Nh5 14. Be3 b6 15. Qd5 1-0

[Event "Mittelfranken-ch HT 50th"]
[Site "Buechenbach"]
[Date "2001.??.??"]
[Round "2"]
[White "Stephan, Eberhard"]
[Black "Gietl, Thomas"]
[Result "0-1"]
[WhiteElo "2148"]
[BlackElo "2322"]
[PlyCount "77"]
[EventDate "2001.04.10"]
[EventType "swiss"]
[EventRounds "9"]
[EventCountry "GER"]
[SourceTitle "EXT 2011"]
[Source "ChessBase"]
[SourceDate "2010.11.26"]
[SourceVersion "1"]
[SourceVersionDate "2010.11.26"]
[SourceQuality "1"]

1. d4 Nf6 2. c4 g6 3. Nc3 Bg7 4. e4 d6 5. f3 0-0 6. Be3 Nc6 7. Nge2 e5 8. d5 Ne7 9. Qd2 c6 10. Ng3 cxd5 11. cxd5 Ne8 12. Be2 f5 13. exf5 Nxf5 14. Nxf5 gxf5 15. 0-0-0 a6 16. Bh6 Rf7 17. Bxg7 Rxg7 18. Bd3 b5 19. Kb1 Kh8 20. g3 Nf6 21. Bc2 Bd7 22. f4 e4 23. Ne2 Rc8 24. h3 Rc5 25. Bb3 a5 26. Rc1 a4 27. Rxc5 dxc5 28. Bc2 b4 29. g4 fxg4 30. hxg4 Bxg4 31. Bxa4 Qxd5 32. Qxd5 Nxd5 33. Rd1 Bxe2 34. Rxd5 Bd3+ 35. Kc1 Rg1+ 36. Kd2 Rg2+ 37. Kc1 c4 38. Rc5 e3 39. Re5 0-1